000 00603cam a22002291 4500
001 sa 68001611
003 DLC
005 20260227112435.0
008 901121s1966 ii 000 0 hino
010 _asa 68001611
035 _a(OCoLC)22725397
040 _aDLC
_cWaU
_dDLC
042 _apremarc
043 _aa-ii---
050 0 0 _aDS421.5
_b.P295
100 1 _aParasāī, Hariśaṅkara.
245 1 0 _aPagaḍaṇḍiyoṃ ka zamānā.
260 _c[1966]
300 _a126 p.
_c18 cm.
500 _aIn Hindi.
651 0 _aIndia
_xSocial life and customs
_xAnecdotes, facetiae, satire, etc.
999 _c78083
_d78083